[Event "Aktobe Dvorkovich U1900 op"]
[Site "Aktobe"]
[Date "2025.06.28"]
[Round "7"]
[White "Sergeyev, Dmitriy"]
[Black "Shudabay, Almas"]
[Result "1-0"]
[WhiteElo "1862"]
[BlackElo "1795"]
[PlyCount "81"]
[EventDate "2025.06.22"]
[EventType "swiss"]
[EventRounds "9"]
[EventCountry "KAZ"]
[SourceTitle "CB27_2025"]
[SourceDate "2025.07.02"]
[SourceVersion "1"]
[SourceVersionDate "2025.07.02"]
[SourceQuality "1"]

1. d4 d5 2. c4 c6 3. Nf3 Nf6 4. Nc3 e6 5. e3 Bd6 6. Bd3 0-0 7. 0-0 Nbd7 8. Re1 e5 9. cxd5 cxd5 10. e4 exd4 11. Nxd5 Nxd5 12. exd5 Bb4 13. Bd2 Bxd2 14. Qxd2 Nf6 15. Bc4 b5 16. Bxb5 Qxd5 17. Re5 Qd8 18. Qxd4 Bb7 19. Qxd8 Rfxd8 20. Re7 Rab8 21. Bc4 Bd5 22. Bxd5 Nxd5 23. Rxa7 Rxb2 24. Rd1 Re8 25. g3 Nc3 26. Rd2 Rxd2 27. Nxd2 f6 28. a4 Re2 29. Nc4 Ne4 30. a5 Nxf2 31. a6 Ra2 32. Nd6 Kf8 33. Rf7+ Kg8 34. Re7 Nh3+ 35. Kf1 g5 36. a7 Ra1+ 37. Ke2 Ng1+ 38. Ke3 Re1+ 39. Kf2 Rxe7 40. a8Q+ Kg7 41. Nf5+ 1-0

[Event "Aktobe Dvorkovich U1900 op"]
[Site "Aktobe"]
[Date "2025.06.26"]
[Round "5"]
[White "Sergeyev, Dmitriy"]
[Black "Mukashev, Alrami"]
[Result "1-0"]
[WhiteElo "1862"]
[BlackElo "1712"]
[PlyCount "85"]
[EventDate "2025.06.22"]
[EventType "swiss"]
[EventRounds "9"]
[EventCountry "KAZ"]
[SourceTitle "CB27_2025"]
[SourceDate "2025.07.02"]
[SourceVersion "1"]
[SourceVersionDate "2025.07.02"]
[SourceQuality "1"]

1. e4 c6 2. d4 d5 3. Nc3 dxe4 4. Nxe4 Bf5 5. Ng3 Bg6 6. h4 h6 7. Nf3 Nd7 8. h5 Bh7 9. Bd3 Bxd3 10. Qxd3 e6 11. Bd2 Ngf6 12. 0-0-0 Be7 13. Ne4 Nxe4 14. Qxe4 Nf6 15. Qd3 Qc7 16. Ne5 Bd6 17. Qe2 0-0-0 18. c4 Kb8 19. Bc3 Rhf8 20. f4 Nd7 21. Qg4 Nxe5 22. dxe5 Bc5 23. Kb1 Rxd1+ 24. Rxd1 Rd8 25. Kc2 Rxd1 26. Qxd1 Qe7 27. b4 Bb6 28. Qd6+ Qxd6 29. exd6 f6 30. c5 Bd8 31. g4 Kc8 32. Kd3 Kd7 33. g5 Ke8 34. gxh6 gxh6 35. f5 Kf7 36. Bd2 e5 37. Bxh6 a5 38. a3 axb4 39. axb4 b6 40. cxb6 Bxb6 41. Be3 Bd8 42. Ba7 Kg7 43. Bb8 1-0

[Event "Aktobe Dvorkovich U1900 op"]
[Site "Aktobe"]
[Date "2025.06.22"]
[Round "1"]
[White "Sergeyev, Dmitriy"]
[Black "Bekpaev, Sayat"]
[Result "1/2-1/2"]
[WhiteElo "1862"]
[BlackElo "1556"]
[PlyCount "49"]
[EventDate "2025.06.22"]
[EventType "swiss"]
[EventRounds "9"]
[EventCountry "KAZ"]
[SourceTitle "CB27_2025"]
[SourceDate "2025.07.02"]
[SourceVersion "1"]
[SourceVersionDate "2025.07.02"]
[SourceQuality "1"]

1. e4 d6 2. d4 Nf6 3. Nc3 g6 4. Be3 Bg7 5. Qd2 a6 6. f3 Nc6 7. Nge2 e5 8. dxe5 Nxe5 9. Nf4 Bd7 10. 0-0-0 Bc6 11. Nfd5 b5 12. Bg5 h6 13. Be3 Nxd5 14. Nxd5 Bb7 15. Qc3 Bxd5 16. exd5 0-0 17. Qd2 Qh4 18. f4 Ng4 19. Bd4 Bxd4 20. Qxd4 Qf2 21. Rd2 Qe1+ 22. Rd1 Qf2 23. Rd2 Qe1+ 24. Rd1 Qf2 25. Rd2 1/2-1/2

[Event "Samara Polugaevsky Memorial 6th"]
[Site "Samara"]
[Date "2016.07.10"]
[Round "8"]
[White "Sergeyev, Dmitriy"]
[Black "Velichko, Arseny"]
[Result "0-1"]
[WhiteElo "2054"]
[BlackElo "2219"]
[PlyCount "120"]
[EventDate "2016.07.03"]
[EventType "swiss"]
[EventRounds "9"]
[EventCountry "RUS"]
[SourceTitle "EXT 2019"]
[Source "ChessBase"]
[SourceDate "2018.10.10"]
[SourceVersion "1"]
[SourceVersionDate "2018.10.10"]
[SourceQuality "1"]

1. e4 e6 2. d4 d5 3. Nd2 Be7 4. Ngf3 Nf6 5. Bd3 c5 6. e5 Nfd7 7. c3 Nc6 8. 0-0 g5 9. dxc5 g4 10. Nd4 Ndxe5 11. Bb5 Bd7 12. N2b3 h5 13. Bf4 Ng6 14. Bd6 Bxd6 15. cxd6 Nxd4 16. Nxd4 Bxb5 17. Nxb5 0-0 18. Qd3 Qd7 19. f4 Nh4 20. c4 dxc4 21. Qxc4 Rac8 22. Qd3 Rfd8 23. Rad1 Nf5 24. Rfe1 a6 25. Nd4 Qxd6 26. Nxf5 Qxd3 27. Rxd3 exf5 28. Rxd8+ Rxd8 29. Kf2 h4 30. g3 h3 31. Ke3 Kg7 32. Rc1 Kf6 33. Ke2 Rd5 34. Rc7 Rb5 35. b3 Ke6 36. Kd3 Rb6 37. Kd2 Rd6+ 38. Ke2 b6 39. b4 a5 40. bxa5 bxa5 41. Rb7 Rd4 42. Rb6+ Kd7 43. a3 Ra4 44. Rb4 Kc6 45. Kd3 Kc5 46. Rb3 Kd5 47. Kd2 Rc4 48. Re3 Rd4+ 49. Kc2 Re4 50. Rd3+ Kc5 51. Rd2 Kc4 52. Kb2 Re3 53. Rc2+ Kd4 54. Rd2+ Ke4 55. a4 Kf3 56. Rd5 Re2+ 57. Kb3 Rxh2 58. Rxa5 Re2 59. Rxf5 h2 60. Rh5 Kg2 0-1

[Event "Samara Polugaevsky Memorial 6th"]
[Site "Samara"]
[Date "2016.07.07"]
[Round "5"]
[White "Sergeyev, Dmitriy"]
[Black "Galaktionov, Artem"]
[Result "0-1"]
[WhiteElo "2054"]
[BlackElo "2269"]
[PlyCount "98"]
[EventDate "2016.07.03"]
[EventType "swiss"]
[EventRounds "9"]
[EventCountry "RUS"]
[SourceTitle "EXT 2019"]
[Source "ChessBase"]
[SourceDate "2018.10.10"]
[SourceVersion "1"]
[SourceVersionDate "2018.10.10"]
[SourceQuality "1"]

1. b4 c6 2. Bb2 Qb6 3. a3 a5 4. c4 d6 5. Nc3 axb4 6. Na4 Qc7 7. axb4 Nf6 8. Nf3 Nbd7 9. g3 e5 10. Bg2 Be7 11. 0-0 0-0 12. Qc2 d5 13. cxd5 Nxd5 14. Ng5 Bxg5 15. Bxd5 Qd6 16. Be4 Qxd2 17. Bxh7+ Kh8 18. Bc3 Qxc2 19. Bxc2 Be7 20. Nb2 Rxa1 21. Rxa1 Nb6 22. e4 f6 23. Bb3 Bg4 24. Kg2 Be2 25. Re1 Bb5 26. Ra1 Rd8 27. Kf3 Kh7 28. h4 Na8 29. Rd1 Rxd1 30. Nxd1 Nc7 31. Ne3 Na6 32. Nc2 Bd3 33. Ke3 Bxc2 34. Bxc2 Bxb4 35. Bb2 Bc5+ 36. Ke2 b5 37. Bd3 Kg8 38. f4 Bd6 39. f5 Bb4 40. g4 Nc7 41. g5 c5 42. g6 c4 43. Bb1 Bc5 44. Ba2 Ne8 45. h5 Nd6 46. Bb1 b4 47. Bc1 b3 48. Bd2 Nb5 49. Ba5 Na3 0-1

[Event "Samara Polugaevsky Memorial 6th"]
[Site "Samara"]
[Date "2016.07.06"]
[Round "4"]
[White "Palin, Denis"]
[Black "Sergeyev, Dmitriy"]
[Result "1/2-1/2"]
[WhiteElo "2194"]
[BlackElo "2054"]
[PlyCount "62"]
[EventDate "2016.07.03"]
[EventType "swiss"]
[EventRounds "9"]
[EventCountry "RUS"]
[SourceTitle "EXT 2019"]
[Source "ChessBase"]
[SourceDate "2018.10.10"]
[SourceVersion "1"]
[SourceVersionDate "2018.10.10"]
[SourceQuality "1"]

1. d4 d5 2. c4 c5 3. cxd5 Nf6 4. Nf3 cxd4 5. Qxd4 Qxd5 6. Nc3 Qxd4 7. Nxd4 e5 8. Ndb5 Na6 9. Bg5 Bd7 10. e4 Bc6 11. Bxf6 gxf6 12. Bc4 Bb4 13. 0-0-0 Ke7 14. Kb1 Bxc3 15. Nxc3 Nc7 16. Rd2 Rad8 17. Rhd1 Rxd2 18. Rxd2 Ne6 19. Bxe6 fxe6 20. Kc2 Rg8 21. g3 h5 22. Kd3 f5 23. Ke3 h4 24. Re2 Kf6 25. gxh4 Rh8 26. f3 Rxh4 27. Rg2 Kf7 28. Kd3 Rh3 29. Ke3 Rh4 30. Kd3 Rh3 31. Ke3 Rh4 1/2-1/2

[Event "Samara Polugaevsky Memorial 6th"]
[Site "Samara"]
[Date "2016.07.05"]
[Round "3"]
[White "Sergeyev, Dmitriy"]
[Black "Makhlin, Miron"]
[Result "1-0"]
[WhiteElo "2054"]
[BlackElo "1738"]
[PlyCount "64"]
[EventDate "2016.07.03"]
[EventType "swiss"]
[EventRounds "9"]
[EventCountry "RUS"]
[SourceTitle "EXT 2019"]
[Source "ChessBase"]
[SourceDate "2018.10.10"]
[SourceVersion "1"]
[SourceVersionDate "2018.10.10"]
[SourceQuality "1"]

1. e4 c5 2. Nc3 Nc6 3. g3 g6 4. Bg2 Bg7 5. Nge2 e6 6. d3 Nge7 7. 0-0 0-0 8. Bg5 a6 9. Qd2 b6 10. Bh6 Bb7 11. Bxg7 Kxg7 12. d4 cxd4 13. Nxd4 Qc7 14. Rad1 Rfd8 15. f4 f5 16. Nd5 Nxd5 17. exd5 Nxd4 18. Qxd4+ Kf7 19. Rfe1 e5 20. d6 Qxc2 21. Bd5+ Bxd5 22. Qxd5+ Kf8 23. Rxe5 Qc5+ 24. Qxc5 bxc5 25. Rxc5 Rab8 26. b3 Rb6 27. Kf2 Kf7 28. Re5 Rc6 29. Re2 Kg8 30. Ke3 h5 31. Rd3 Kf7 32. Kd2 Rb6 1-0

[Event "Chigorin Memorial 23rd"]
[Site "St Petersburg"]
[Date "2015.10.11"]
[Round "9"]
[White "Sergeyev, Dmitriy"]
[Black "Pankova, Julia"]
[Result "1-0"]
[WhiteElo "2077"]
[BlackElo "1703"]
[PlyCount "97"]
[EventDate "2015.10.03"]
[EventType "swiss"]
[EventRounds "9"]
[EventCountry "RUS"]
[SourceTitle "CBM 168 Extra"]
[Source "ChessBase"]
[SourceDate "2015.10.29"]
[SourceVersion "1"]
[SourceVersionDate "2015.10.29"]
[SourceQuality "1"]

1. e4 c5 2. Nf3 d6 3. Bb5+ Bd7 4. Bxd7+ Qxd7 5. 0-0 Nf6 6. e5 dxe5 7. Nxe5 Qc8 8. Qf3 Nbd7 9. Nc4 e6 10. Nc3 Be7 11. d3 a6 12. a4 0-0 13. Bf4 Qc6 14. Qxc6 bxc6 15. Bg3 Nh5 16. Bd6 Bxd6 17. Nxd6 Rab8 18. Nc4 Nf4 19. Rfe1 Nd5 20. Ne4 Nb4 21. Re2 h6 22. g3 Rfd8 23. f4 g6 24. Na5 Rf8 25. Rd1 Rb6 26. Kg2 Nd5 27. Nc4 Rbb8 28. Rf1 Ne7 29. g4 Kg7 30. h3 Kh7 31. b3 Kg7 32. Ned6 Nb6 33. Nxb6 Rxb6 34. f5 gxf5 35. gxf5 Nxf5 36. Nxf5+ exf5 37. Rxf5 c4 38. dxc4 Kg6 39. Rc5 Rc8 40. Rd2 Kg7 41. Rd6 Re8 42. Rf5 Re2+ 43. Rf2 Re6 44. Rd7 Rg6+ 45. Kf1 Rf6 46. Rxf6 Kxf6 47. a5 Rb8 48. Rd6+ Kg7 49. Rxc6 1-0

[Event "Chigorin Memorial 23rd"]
[Site "St Petersburg"]
[Date "2015.10.04"]
[Round "2"]
[White "Sergeyev, Dmitriy"]
[Black "Chechetko, Georgy"]
[Result "1-0"]
[WhiteElo "2077"]
[BlackElo "1827"]
[PlyCount "101"]
[EventDate "2015.10.03"]
[EventType "swiss"]
[EventRounds "9"]
[EventCountry "RUS"]
[SourceTitle "CBM 168 Extra"]
[Source "ChessBase"]
[SourceDate "2015.10.29"]
[SourceVersion "1"]
[SourceVersionDate "2015.10.29"]
[SourceQuality "1"]

1. e4 c5 2. Nf3 d6 3. Bb5+ Bd7 4. Bxd7+ Nxd7 5. Nc3 Ngf6 6. d3 g6 7. Bf4 Bg7 8. Qd2 0-0 9. Bh6 Qa5 10. 0-0 a6 11. Nd5 Qd8 12. Bxg7 Kxg7 13. Nxf6 Nxf6 14. Nh4 e5 15. f4 Nh5 16. g3 exf4 17. g4 Qxh4 18. gxh5 g5 19. Qg2 Kh8 20. Qf3 Rae8 21. Rf2 f5 22. exf5 Rxf5 23. Qxb7 Qxh5 24. Raf1 Rfe5 25. Qxa6 Re2 26. Rxe2 Rxe2 27. Qc8+ Re8 28. Qf5 Qh6 29. a4 Qe6 30. Qxe6 Rxe6 31. a5 d5 32. Ra1 Ra6 33. c3 c4 34. dxc4 dxc4 35. Kf2 Kg7 36. Kf3 Kf6 37. Ke4 h6 38. Kd5 Kf5 39. Kxc4 Ke4 40. b4 f3 41. b5 Ra8 42. b6 f2 43. Kb5 Kf3 44. b7 Re8 45. Rf1 Kg2 46. Rxf2+ Kxf2 47. a6 Kg2 48. a7 Kxh2 49. b8Q+ Rxb8+ 50. axb8Q+ Kh3 51. Qh8 1-0

[Event "Samara Polugaevsky Memorial 5th"]
[Site "Samara"]
[Date "2015.07.07"]
[Round "5"]
[White "Zakaryan, David"]
[Black "Sergeyev, Dmitriy"]
[Result "1-0"]
[WhiteElo "2306"]
[BlackElo "2043"]
[PlyCount "55"]
[EventDate "2015.07.03"]
[EventType "swiss"]
[EventRounds "9"]
[EventCountry "RUS"]
[SourceTitle "EXT 2017"]
[Source "ChessBase"]
[SourceDate "2016.10.25"]
[SourceVersion "1"]
[SourceVersionDate "2016.10.25"]
[SourceQuality "1"]

1. b3 e5 2. Bb2 Nc6 3. e3 Nf6 4. Bb5 Bd6 5. Na3 Na5 6. Nf3 Qe7 7. Nc4 Nxc4 8. Bxc4 c6 9. d4 e4 10. Ne5 0-0 11. f4 exf3 12. gxf3 b5 13. Be2 Nd5 14. Qd3 Qh4+ 15. Kd2 Nb4 16. Qe4 Qxe4 17. fxe4 Re8 18. Rhg1 f6 19. Ng4 Kh8 20. a3 Na6 21. Bd3 Bb7 22. Raf1 Rf8 23. Rf3 Nc7 24. e5 Be7 25. exf6 gxf6 26. Rh3 Rf7 27. Nh6 Rff8 28. Rhg3 1-0

[Event "Samara Polugaevsky Memorial 5th"]
[Site "Samara"]
[Date "2015.07.06"]
[Round "4"]
[White "Filipenko, Alexander V"]
[Black "Sergeyev, Dmitriy"]
[Result "1-0"]
[WhiteElo "2297"]
[BlackElo "2043"]
[PlyCount "115"]
[EventDate "2015.07.03"]
[EventType "swiss"]
[EventRounds "9"]
[EventCountry "RUS"]
[SourceTitle "EXT 2017"]
[Source "ChessBase"]
[SourceDate "2016.10.25"]
[SourceVersion "1"]
[SourceVersionDate "2016.10.25"]
[SourceQuality "1"]

1. e4 d6 2. d4 Nf6 3. Nc3 e5 4. dxe5 dxe5 5. Qxd8+ Kxd8 6. Bc4 Be6 7. Bxe6 fxe6 8. f3 a6 9. Nh3 Nc6 10. Be3 Bd6 11. Nf2 Ke7 12. 0-0-0 h6 13. Ne2 b5 14. Kb1 Na5 15. b3 Nb7 16. Kb2 Bc5 17. Bxc5+ Nxc5 18. Nd3 Nxd3+ 19. Rxd3 Rhd8 20. Rhd1 Rd6 21. Nc1 Nh5 22. Rg1 Nf4 23. Rc3 Kd7 24. g3 Nh3 25. Rg2 Ng5 26. Nd3 Nf7 27. Rc5 Rf8 28. Rf2 Rd4 29. Nxe5+ Nxe5 30. Rxe5 Kd6 31. f4 g5 32. c3 Rd1 33. Kc2 gxf4 34. gxf4 Rxf4 35. Rxe6+ Kxe6 36. Rxf4 Ke5 37. Rh4 Rd6 38. Kb2 c6 39. a4 Rd2+ 40. Ka3 Rc2 41. axb5 axb5 42. Kb4 c5+ 43. Kxc5 Rxc3+ 44. Kb4 Rd3 45. Rxh6 Kxe4 46. Rh5 Kd4 47. Rh8 Rf3 48. Rd8+ Ke5 49. h4 Rh3 50. h5 Rxh5 51. Kxb5 Ke6+ 52. Kc6 Ke7 53. Rd4 Rh8 54. b4 Rh6+ 55. Kc7 Rh5 56. Re4+ Kf8 57. Kb6 Rh6+ 58. Ka5 1-0

[Event "Astrakhan op"]
[Site "Astrakhan"]
[Date "2011.08.20"]
[Round "4.9"]
[White "Sergeyev, Dmitriy"]
[Black "Petrov, Petr T"]
[Result "1-0"]
[WhiteElo "2086"]
[BlackElo "1922"]
[PlyCount "95"]
[EventDate "2011.08.17"]
[EventType "swiss"]
[EventRounds "9"]
[EventCountry "RUS"]
[SourceTitle "EXT 2022"]
[Source "ChessBase"]
[SourceDate "2021.10.06"]
[SourceVersion "1"]
[SourceVersionDate "2021.10.06"]
[SourceQuality "1"]

1. e4 e5 2. d4 exd4 3. Qxd4 Nc6 4. Qe3 Be7 5. Nc3 Nf6 6. Bd2 d5 7. exd5 Nxd5 8. Nxd5 Qxd5 9. Nf3 0-0 10. Bd3 Bf5 11. Bxf5 Qxf5 12. 0-0-0 Bf6 13. Rhe1 Rad8 14. Bc3 Rd6 15. Rxd6 cxd6 16. Bxf6 Qxf6 17. Qg5 Qxg5+ 18. Nxg5 Rd8 19. Kd2 h6 20. Ne4 Kf8 21. f4 Rd7 22. Re3 Rd8 23. Rd3 Ke7 24. Nc3 Kf8 25. Nd5 Rd7 26. c4 Ke8 27. b4 Ne7 28. Nc3 Nc8 29. Rg3 f5 30. Nd5 Kf7 31. Rd3 Ne7 32. Nc3 Ke6 33. Nb5 Nc8 34. Nd4+ Kf6 35. Nb3 Re7 36. Re3 Rxe3 37. Kxe3 Ke6 38. Na5 b6 39. Nc6 g6 40. Kd4 g5 41. g3 gxf4 42. gxf4 h5 43. b5 h4 44. h3 Kd7 45. Kd5 Kc7 46. Ke6 a6 47. a4 axb5 48. axb5 1-0